000 00545nam a22001937a 4500
003 OSt
005 20160518142125.0
008 160518b xxu||||| |||| 00| 0 eng d
020 _a0443060452
040 _cDNLM
082 _aWB100 T212g 2003
100 _aTaylor, Ross J.; McAvoy, Brian R.
_98862
245 _aGeneral Practice Medicine: an illustrated colour text
260 _aEdinburgh; Churchill, 2003
300 _avii,112p; col.ill: 28cm
504 _aBibliography, & index included
650 _aMedicine
_9324
942 _2z
_cO_SHELF
999 _c4092
_d4092